El ingles con buen humor / (Registro nro. 45500)
[ vista simple ]
| 000 -CABECERA | |
|---|---|
| campo de control de longitud fija | 00885nam a2200229 a 4500 |
| 001 - NÚMERO DE CONTROL | |
| campo de control | 000046011 |
| 005 - FECHA Y HORA DE LA ÚLTIMA TRANSACCIÓN | |
| campo de control | 20201002052559.0 |
| 008 - DATOS DE LONGITUD FIJA--INFORMACIÓN GENERAL | |
| campo de control de longitud fija | 150611s1982 dr a 000 0 spa d |
| 040 ## - FUENTE DE LA CATALOGACIÓN | |
| Centro catalogador/agencia de origen | DO-SdBNP |
| Lengua de catalogación | spa |
| Centro/agencia transcriptor | BNPHU |
| 082 ## - NÚMERO DE LA CLASIFICACIÓN DECIMAL DEWEY | |
| Número de clasificación | xxxx |
| Número de documento/Ítem | xxxx |
| 100 1# - ENTRADA PRINCIPAL--NOMBRE DE PERSONA | |
| Nombre de persona | Torres, R. E. |
| 9 (RLIN) | 74087 |
| 245 13 - MENCIÓN DE TÍTULO | |
| Título | El ingles con buen humor / |
| Mención de responsabilidad, etc. | R. E. Torres ; traductores Ramón Benítes (lingüista), Raphael Adón, Johnny Durán ; ilustración Néstor Féliz. |
| 260 ## - PUBLICACIÓN, DISTRIBUCIÓN, ETC. | |
| Lugar de publicación, distribución, etc. | Santo Domingo : |
| Nombre del editor, distribuidor, etc. | Alfa y Omega, |
| Fecha de publicación, distribución, etc. | 1982. |
| 300 ## - DESCRIPCIÓN FÍSICA | |
| Extensión | xii, 282 p. : |
| Otras características físicas | il. ; |
| Dimensiones | 21 cm. |
| 490 1# - MENCIÓN DE SERIE | |
| Mención de serie | América : Folklore |
| 505 0# - NOTA DE CONTENIDO CON FORMATO | |
| Nota de contenido con formato | Los refranes dominicanos de ayer y de hoy -- |
| Título | Cuentos y chistes criollos -- |
| -- | Entre locos -- |
| 700 12 - PUNTO DE ACCESO ADICIONAL--NOMBRE DE PERSONA | |
| Nombre de persona | Benítes, Ramón, |
| Término indicativo de función/relación | tr. |
| 9 (RLIN) | 74088 |
| 700 12 - PUNTO DE ACCESO ADICIONAL--NOMBRE DE PERSONA | |
| Nombre de persona | Adón, Raphael, |
| Término indicativo de función/relación | tr. |
| 9 (RLIN) | 74089 |
| 700 12 - PUNTO DE ACCESO ADICIONAL--NOMBRE DE PERSONA | |
| Nombre de persona | Durán, Johnny |
| Término indicativo de función/relación | tr. |
| 9 (RLIN) | 74090 |
| 700 12 - PUNTO DE ACCESO ADICIONAL--NOMBRE DE PERSONA | |
| Nombre de persona | Féliz, Néstor, |
| Término indicativo de función/relación | il. |
| 9 (RLIN) | 74091 |
| 830 #0 - PUNTO DE ACCESO ADICIONAL DE SERIE-TÍTULO UNIFORME | |
| Título uniforme | América : Folklore |
| 9 (RLIN) | 74092 |
| Estado de retiro | Estado de pérdida | No para préstamo | Código de colección | Localización permanente | Ubicación/localización actual | Ubicación en estantería | Fecha de adquisición | Número de inventario | Total de préstamos | Signatura topográfica completa | Código de barras | Fecha visto por última vez | Precio válido a partir de | Tipo de ítem Koha | Nota pública |
|---|---|---|---|---|---|---|---|---|---|---|---|---|---|---|---|
| Excluido de préstamo | Patrimonio Dominicano | Patrimonio Dominicano | Patrimonio Dominicano | En catalogación | 11.06.2015 | LF1 | xxxx xxxx | 46011-10 | 25.06.2020 | 25.06.2020 | Libro y Folleto Colección Patrimonio Dominicano | Perteneció a la biblioteca personal de Erick Landestoy. |
